[Event "Titled Tuesday intern op 13th Feb Early"]
[Site "Chess.com INT"]
[Date "2024.02.13"]
[Round "4"]
[White "Alekseev, Evgeny V"]
[Black "Weishaeutel, Moritz"]
[Result "1-0"]
[WhiteElo "2548"]
[BlackElo "2380"]
[PlyCount "47"]
[EventDate "2024.02.13"]
[EventType "swiss (blitz)"]
[EventRounds "11"]
[EventCountry "USA"]
[SourceTitle "CB08_2024"]
[SourceDate "2024.02.21"]
[SourceVersion "1"]
[SourceVersionDate "2024.02.21"]
[SourceQuality "1"]

1. e4 e5 2. Nf3 Nf6 3. d4 Nxe4 4. Bd3 d5 5. Nxe5 Nd7 6. Nxd7 Bxd7 7. 0-0 Bd6 8. c4 c6 9. cxd5 cxd5 10. Nc3 Nxc3 11. bxc3 0-0 12. Bd2 Qh4 13. g3 Qh3 14. Qf3 Rfe8 15. Rfe1 h5 16. Bc2 Rad8 17. Bb3 Bc6 18. Rxe8+ Rxe8 19. Bxd5 Bxd5 20. Qxd5 Re2 21. Be3 Ba3 22. Qb5 Bb2 23. Rb1 Bxc3 24. Qxe2 1-0

[Event "Titled Tuesday intern op 13th Feb Early"]
[Site "Chess.com INT"]
[Date "2024.02.13"]
[Round "1"]
[White "Lehtosaari, Mauri"]
[Black "Alekseev, Evgeny V"]
[Result "0-1"]
[WhiteElo "2142"]
[BlackElo "2548"]
[PlyCount "94"]
[EventDate "2024.02.13"]
[EventType "swiss (blitz)"]
[EventRounds "11"]
[EventCountry "USA"]
[SourceTitle "CB08_2024"]
[SourceDate "2024.02.21"]
[SourceVersion "1"]
[SourceVersionDate "2024.02.21"]
[SourceQuality "1"]

1. d4 Nf6 2. c4 e6 3. Nc3 d5 4. Nf3 Bb4 5. Qb3 c5 6. dxc5 Nc6 7. Bd2 d4 8. Nb1 Bxc5 9. g3 e5 10. Bg5 h6 11. Bxf6 Qxf6 12. Nbd2 Qe7 13. 0-0-0 e4 14. Ne1 0-0 15. Bg2 f5 16. Kb1 Be6 17. Qa4 a6 18. Nb3 Ba7 19. c5 Bxc5 20. Nxc5 Qxc5 21. Rc1 Qd6 22. Nc2 Rfd8 23. Qa3 Qe5 24. Rhd1 Rd7 25. Nb4 Nxb4 26. Qxb4 Rad8 27. Qa3 Kh7 28. h4 Qb5 29. Bf1 Qb6 30. Ka1 d3 31. e3 Rc7 32. Rxc7 Qxc7 33. Qc3 Qxc3 34. bxc3 Kg6 35. Kb2 Kf6 36. Rd2 Rd6 37. Rd1 Rb6+ 38. Ka1 Rc6 39. Rd2 Rxc3 40. Kb2 Rc5 41. a4 a5 42. Ka3 Rc3+ 43. Kb2 Rb3+ 44. Kc1 Ra3 45. Rb2 Ra1+ 46. Kd2 Rxf1 47. Kc3 Rc1+ 0-1

[Event "Titled Tuesday intern op 13th Feb Early"]
[Site "Chess.com INT"]
[Date "2024.02.13"]
[Round "3"]
[White "Yurasov, Matfey"]
[Black "Alekseev, Evgeny V"]
[Result "1/2-1/2"]
[WhiteElo "2178"]
[BlackElo "2548"]
[PlyCount "91"]
[EventDate "2024.02.13"]
[EventType "swiss (blitz)"]
[EventRounds "11"]
[EventCountry "USA"]
[SourceTitle "CB08_2024"]
[SourceDate "2024.02.21"]
[SourceVersion "1"]
[SourceVersionDate "2024.02.21"]
[SourceQuality "1"]

1. e4 c5 2. Nf3 e6 3. b3 d6 4. Bb2 Nf6 5. e5 dxe5 6. Nxe5 Bd6 7. d3 0-0 8. Be2 Nbd7 9. Nxd7 Bxd7 10. 0-0 Qc7 11. h3 Nd5 12. Nd2 Bc6 13. Bf3 Be7 14. Re1 Rfe8 15. Nc4 Nb4 16. Bxc6 Nxc6 17. Qf3 Rad8 18. Rad1 Nd4 19. Bxd4 cxd4 20. a4 Rd5 21. Re2 Red8 22. Rde1 Bb4 23. Rd1 a6 24. Qe4 b5 25. axb5 axb5 26. Ne5 Rc5 27. Qh4 f6 28. Nf3 e5 29. Rc1 Rc3 30. Ra1 Rc8 31. Ra2 Bf8 32. Qg4 Rd8 33. Qe6+ Qf7 34. Qb6 Qe8 35. Qb7 Qc6 36. Ra7 Qxb7 37. Rxb7 b4 38. Ne1 Ra8 39. g3 Rac8 40. Kg2 R3c7 41. Rxc7 Rxc7 42. f4 exf4 43. gxf4 Kf7 44. Nf3 Rd7 45. Nd2 Be7 46. Kf3 1/2-1/2

[Event "Titled Tuesday intern op 06th Feb Early"]
[Site "Chess.com INT"]
[Date "2024.02.06"]
[Round "6"]
[White "Alekseev, Evgeny V"]
[Black "Alonso Rosell, Alvar"]
[Result "0-1"]
[WhiteElo "2548"]
[BlackElo "2564"]
[PlyCount "78"]
[EventDate "2024.02.06"]
[EventType "swiss (blitz)"]
[EventRounds "11"]
[EventCountry "USA"]
[SourceTitle "CB07_2024"]
[SourceDate "2024.02.14"]
[SourceVersion "1"]
[SourceVersionDate "2024.02.14"]
[SourceQuality "1"]

1. e4 c6 2. d4 d5 3. e5 c5 4. Nf3 cxd4 5. Nxd4 Nc6 6. c4 e6 7. Nc3 Bc5 8. Nxc6 bxc6 9. cxd5 exd5 10. Bd3 Ne7 11. 0-0 0-0 12. Qc2 Ng6 13. Na4 Bd4 14. Re1 Re8 15. Bxg6 hxg6 16. Bf4 Bf5 17. Qd2 c5 18. Rac1 Rc8 19. b3 Be4 20. Be3 Rxe5 21. Bxd4 cxd4 22. Rxc8 Qxc8 23. f3 d3 24. Nb2 Qc5+ 25. Kh1 Rf5 26. fxe4 dxe4 27. Nd1 Qd4 28. Ne3 Rc5 29. g3 Kh7 30. Kg2 f5 31. Rf1 Qe5 32. h3 Qe6 33. g4 Kg8 34. Qf2 Qc6 35. gxf5 gxf5 36. Qg3 d2 37. Qf2 Qg6+ 38. Kh1 Qd6 39. Rd1 f4 0-1

[Event "Titled Tuesday intern op 06th Feb Early"]
[Site "Chess.com INT"]
[Date "2024.02.06"]
[Round "2"]
[White "Alekseev, Evgeny V"]
[Black "Shohat, Yotam"]
[Result "1-0"]
[WhiteElo "2548"]
[BlackElo "2369"]
[PlyCount "93"]
[EventDate "2024.02.06"]
[EventType "swiss (blitz)"]
[EventRounds "11"]
[EventCountry "USA"]
[SourceTitle "CB07_2024"]
[SourceDate "2024.02.14"]
[SourceVersion "1"]
[SourceVersionDate "2024.02.14"]
[SourceQuality "1"]

1. e4 c5 2. Nf3 d6 3. Bb5+ Nd7 4. d4 cxd4 5. Qxd4 a6 6. Be2 Ngf6 7. 0-0 g6 8. e5 dxe5 9. Nxe5 Bg7 10. Nf3 0-0 11. Rd1 Qc7 12. Nc3 Qc6 13. Be3 b6 14. Qc4 Qxc4 15. Bxc4 Bb7 16. Be2 Rac8 17. h3 Nc5 18. Bd4 Rfd8 19. Ne5 Nfe4 20. Nxe4 Nxe4 21. c3 b5 22. Nf3 b4 23. Bxg7 Kxg7 24. Rxd8 Rxd8 25. cxb4 Rc8 26. Bd3 Rd8 27. Rd1 f5 28. Kf1 Kf6 29. Ke1 e5 30. Bc2 Rc8 31. Bb3 g5 32. Nh2 h5 33. f3 Ng3 34. Nf1 Nxf1 35. Kxf1 Ke7 36. Ke2 h4 37. a3 e4 38. fxe4 Bxe4 39. Kf2 Kf6 40. Rd6+ Ke5 41. Rxa6 Rc1 42. Re6+ Kf4 43. Rd6 Rh1 44. Rd2 Rh2 45. Kg1 Kg3 46. Bd5 Bxd5 47. Rd3+ 1-0

[Event "Titled Tuesday intern op 06th Feb Early"]
[Site "Chess.com INT"]
[Date "2024.02.06"]
[Round "3"]
[White "Principe, Gerson"]
[Black "Alekseev, Evgeny V"]
[Result "0-1"]
[WhiteElo "2158"]
[BlackElo "2548"]
[PlyCount "68"]
[EventDate "2024.02.06"]
[EventType "swiss (blitz)"]
[EventRounds "11"]
[EventCountry "USA"]
[SourceTitle "CB07_2024"]
[SourceDate "2024.02.14"]
[SourceVersion "1"]
[SourceVersionDate "2024.02.14"]
[SourceQuality "1"]

1. d4 Nf6 2. Nf3 e6 3. e3 c5 4. Be2 b6 5. 0-0 Bb7 6. b3 d5 7. Bb2 Bd6 8. Nbd2 0-0 9. c4 cxd4 10. exd4 Nc6 11. Ne5 Qe7 12. Ndf3 Rac8 13. Rc1 Rfd8 14. cxd5 Nxd5 15. Nxc6 Bxc6 16. Ba6 Bb7 17. Bxb7 Qxb7 18. Qe2 b5 19. g3 a6 20. Ng5 Nf6 21. Rfd1 Rxc1 22. Rxc1 h6 23. Nf3 Rc8 24. Qd3 Rxc1+ 25. Bxc1 Qc6 26. Bd2 Ne4 27. Be3 Nc3 28. Ne5 Qc7 29. a4 Bxe5 30. dxe5 Qxe5 31. axb5 axb5 32. Qd8+ Kh7 33. Qd3+ f5 34. Bd4 Qxd4 0-1

[Event "Chessable Masters Play In"]
[Site "Chess.com INT"]
[Date "2024.01.31"]
[Round "9"]
[White "Alekseev, Evgeny V"]
[Black "Chigaev, Maksim"]
[Result "1/2-1/2"]
[WhiteElo "2563"]
[BlackElo "2622"]
[PlyCount "61"]
[EventDate "2024.01.31"]
[EventType "swiss (rapid)"]
[EventRounds "9"]
[EventCountry "USA"]
[SourceTitle "CB06_2024"]
[SourceDate "2024.02.07"]
[SourceVersion "1"]
[SourceVersionDate "2024.02.07"]
[SourceQuality "1"]

1. e4 e5 2. Nf3 Nc6 3. Bc4 Nf6 4. d3 Bc5 5. 0-0 d6 6. c3 h6 7. Bb3 0-0 8. h3 a5 9. Re1 Ba7 10. Be3 Bxe3 11. Rxe3 Ne7 12. Nbd2 Ng6 13. Nf1 Bd7 14. Ng3 a4 15. Bc2 a3 16. b4 Nh7 17. Bb3 Ng5 18. d4 Nxf3+ 19. Qxf3 Qg5 20. Rd1 Nh4 21. Qh5 Bc6 22. Qxg5 hxg5 23. dxe5 dxe5 24. Nf5 Ng6 25. f3 Rfd8 26. Red3 Rxd3 27. Rxd3 Kf8 28. g3 Ne7 29. Ne3 f6 30. Kf2 g6 31. Rd2 1/2-1/2

[Event "Chessable Masters Play In"]
[Site "Chess.com INT"]
[Date "2024.01.31"]
[Round "8"]
[White "Alekseev, Evgeny V"]
[Black "Muradli, Mahammad"]
[Result "1-0"]
[WhiteElo "2563"]
[BlackElo "2555"]
[PlyCount "117"]
[EventDate "2024.01.31"]
[EventType "swiss (rapid)"]
[EventRounds "9"]
[EventCountry "USA"]
[SourceTitle "CB06_2024"]
[SourceDate "2024.02.07"]
[SourceVersion "1"]
[SourceVersionDate "2024.02.07"]
[SourceQuality "1"]

1. e4 c5 2. Nf3 d6 3. Bb5+ Bd7 4. c4 Nf6 5. Nc3 Nc6 6. d4 cxd4 7. Nxd4 g6 8. h3 Nxd4 9. Qxd4 Bg7 10. Bxd7+ Qxd7 11. Bd2 0-0 12. Qd3 Qc6 13. Rc1 Nd7 14. Qe2 Nc5 15. f3 Qb6 16. b3 e6 17. Be3 Qb4 18. Bd2 Qb6 19. Be3 Qa5 20. Qd2 a6 21. 0-0 Rfd8 22. Rfd1 b5 23. Ne2 Qxd2 24. Rxd2 Bf8 25. cxb5 axb5 26. Nd4 Rdb8 27. Nc6 Rc8 28. Nb4 Nd7 29. Rxc8 Rxc8 30. Rc2 Ra8 31. Nc6 h5 32. Kf1 Nc5 33. Ke2 Na6 34. b4 d5 35. a3 dxe4 36. fxe4 Nc7 37. Na7 Bd6 38. Bb6 Ne8 39. Nxb5 Be5 40. Ke3 f5 41. Na7 Rb8 42. Nc6 Rxb6 43. Nxe5 Nf6 44. exf5 gxf5 45. Rc6 Rb7 46. Rxe6 Nd5+ 47. Kd4 Nf4 48. Rd6 Ra7 49. Nc4 Kf7 50. g3 Ne2+ 51. Ke5 Nxg3 52. Kf4 h4 53. b5 Ra4 54. Rc6 Ke7 55. b6 Ra6 56. Ke5 Kd7 57. Rc7+ Kd8 58. Rh7 Ra4 59. b7 1-0

[Event "Titled Tuesday intern op 16th Jan Early"]
[Site "Chess.com INT"]
[Date "2024.01.16"]
[Round "9"]
[White "Alekseev, Evgeny V"]
[Black "Duda, Jan Krzysztof"]
[Result "0-1"]
[WhiteElo "2563"]
[BlackElo "2732"]
[PlyCount "84"]
[EventDate "2024.01.16"]
[EventType "swiss (blitz)"]
[EventRounds "11"]
[EventCountry "USA"]
[SourceTitle "CB04_2024"]
[SourceDate "2023.10.16"]
[SourceVersion "1"]
[SourceVersionDate "2023.10.16"]
[SourceQuality "1"]

1. e4 c6 2. d4 d5 3. exd5 cxd5 4. Bd3 Nc6 5. c3 Qc7 6. h3 e6 7. Nf3 Bd6 8. 0-0 Nge7 9. Re1 Bd7 10. b3 a6 11. c4 f6 12. Nc3 0-0-0 13. a3 g5 14. c5 Bf4 15. b4 e5 16. b5 e4 17. bxc6 Bxc6 18. Nxe4 dxe4 19. Bxe4 Nd5 20. Bxf4 Nxf4 21. Qc2 h5 22. Bxc6 Qxc6 23. Qe4 Rhe8 24. Qf5+ Kb8 25. Rxe8 Rxe8 26. Rb1 Ne2+ 27. Kf1 g4 28. hxg4 hxg4 29. Qxg4 Ka7 30. Rb6 Qa4 31. Rb1 Re7 32. Re1 Qb5 33. g3 Nxg3+ 34. Kg2 Ne2 35. Qf5 Rg7+ 36. Kh2 Qe8 37. Nh4 Qh8 38. Kh3 Nxd4 39. Qf4 Nc6 40. Re6 Rg1 41. Kh2 Qg7 42. Rxf6 Rd1 0-1

[Event "Titled Tuesday intern op 16th Jan Early"]
[Site "Chess.com INT"]
[Date "2024.01.16"]
[Round "4"]
[White "Alekseev, Evgeny V"]
[Black "Kim, Sergey2"]
[Result "1-0"]
[WhiteElo "2563"]
[BlackElo "2295"]
[PlyCount "41"]
[EventDate "2024.01.16"]
[EventType "swiss (blitz)"]
[EventRounds "11"]
[EventCountry "USA"]
[SourceTitle "CB04_2024"]
[SourceDate "2023.10.16"]
[SourceVersion "1"]
[SourceVersionDate "2023.10.16"]
[SourceQuality "1"]

1. e4 e5 2. Nf3 Nc6 3. Bc4 Bc5 4. c3 Nf6 5. d3 d6 6. 0-0 a6 7. Bb3 Ba7 8. Be3 0-0 9. Nbd2 Nh5 10. d4 Qf6 11. Re1 Nf4 12. dxe5 dxe5 13. Bxa7 Rxa7 14. g3 Nh3+ 15. Kg2 Bg4 16. Qc2 Raa8 17. Re3 Rad8 18. Bd5 Rd6 19. Nc4 b5 20. Nxd6 Qxd6 21. Bxc6 1-0

[Event "Titled Tuesday intern op 16th Jan Early"]
[Site "Chess.com INT"]
[Date "2024.01.16"]
[Round "7"]
[White "Norowitz, Yaacov"]
[Black "Alekseev, Evgeny V"]
[Result "0-1"]
[WhiteElo "2402"]
[BlackElo "2563"]
[PlyCount "86"]
[EventDate "2024.01.16"]
[EventType "swiss (blitz)"]
[EventRounds "11"]
[EventCountry "USA"]
[SourceTitle "CB04_2024"]
[SourceDate "2023.10.16"]
[SourceVersion "1"]
[SourceVersionDate "2023.10.16"]
[SourceQuality "1"]

1. d4 Nf6 2. e3 e6 3. Bd3 c5 4. c3 d5 5. Nd2 Bd6 6. f4 cxd4 7. cxd4 0-0 8. Ngf3 b6 9. Qe2 a5 10. e4 dxe4 11. Nxe4 Bb4+ 12. Bd2 Bxd2+ 13. Qxd2 Bb7 14. Nfg5 Nxe4 15. Bxe4 Bxe4 16. Nxe4 Nc6 17. Rd1 Qh4+ 18. g3 Qh5 19. Qg2 Qd5 20. 0-0 Rfd8 21. Nc3 Qxg2+ 22. Kxg2 Nxd4 23. Rd3 Kf8 24. Rfd1 Nc6 25. Rd6 Rxd6 26. Rxd6 Rc8 27. Na4 Ke7 28. Rd2 b5 29. Nc3 b4 30. Ne4 Nd8 31. Kf3 Nb7 32. g4 Rc7 33. h4 h6 34. h5 Nc5 35. Rc2 Na6 36. Rd2 Nb8 37. g5 Nc6 38. gxh6 gxh6 39. Ke3 f5 40. Nc5 Nd8 41. Nd3 Nf7 42. Rg2 Rc8 43. Rg6 Rc4 0-1

[Event "Titled Tuesday intern op 16th Jan Early"]
[Site "Chess.com INT"]
[Date "2024.01.16"]
[Round "5"]
[White "Ozkan, Ervin"]
[Black "Alekseev, Evgeny V"]
[Result "0-1"]
[WhiteElo "2147"]
[BlackElo "2563"]
[PlyCount "108"]
[EventDate "2024.01.16"]
[EventType "swiss (blitz)"]
[EventRounds "11"]
[EventCountry "USA"]
[SourceTitle "CB04_2024"]
[SourceDate "2023.10.16"]
[SourceVersion "1"]
[SourceVersionDate "2023.10.16"]
[SourceQuality "1"]

1. d4 Nf6 2. Nf3 e6 3. Bf4 c5 4. e3 Nc6 5. c3 d5 6. Nbd2 cxd4 7. exd4 Nh5 8. Be3 Bd6 9. Bd3 Nf4 10. Bxf4 Bxf4 11. g3 Bd6 12. 0-0 0-0 13. Qe2 f6 14. c4 g6 15. a3 a5 16. Rfe1 Kg7 17. Qe3 a4 18. Rac1 Bd7 19. Bf1 Na5 20. Bh3 Re8 21. Bg2 Rc8 22. c5 Bb8 23. Qd3 b6 24. b4 axb3 25. Nxb3 Nxb3 26. Qxb3 Ba7 27. cxb6 Qxb6 28. Qxb6 Bxb6 29. Bf1 Kf7 30. Rxc8 Rxc8 31. Rb1 Rb8 32. Bd3 Ke7 33. Kf1 Kd6 34. Ke2 Ba7 35. Rxb8 Bxb8 36. h4 Be8 37. h5 e5 38. hxg6 hxg6 39. dxe5+ fxe5 40. Ng5 e4 41. Ba6 Ke5 42. f3 Kf5 43. f4 Bd7 44. Bb7 Be6 45. Nxe6 Kxe6 46. Bc8+ Kd6 47. a4 Bc7 48. g4 d4 49. f5 gxf5 50. Bxf5 Ke5 51. Bh7 d3+ 52. Kd2 Kd4 53. Bf5 e3+ 54. Kd1 e2+ 0-1

[Event "Chigorin Memorial Blitz 30th"]
[Site "St Petersburg"]
[Date "2023.10.20"]
[Round "5"]
[White "Alekseev, Evgeny V"]
[Black "Tikhonov, Viacheslav"]
[Result "1-0"]
[WhiteElo "2573"]
[BlackElo "2177"]
[PlyCount "67"]
[EventDate "2023.10.20"]
[EventType "swiss (blitz)"]
[EventRounds "11"]
[EventCountry "RUS"]
[SourceTitle "Mega2024 Update 01"]
[Source "Chessbase"]
[SourceDate "2023.11.12"]
[SourceVersion "1"]
[SourceVersionDate "2023.11.12"]
[SourceQuality "1"]

1. e4 c5 2. Nf3 Nc6 3. Bb5 e5 4. c3 a6 5. Bc4 Nf6 6. d3 Be7 7. a4 0-0 8. 0-0 d6 9. Re1 Rb8 10. Na3 Bg4 11. h3 Bh5 12. g4 Bg6 13. Nh4 d5 14. exd5 Nxd5 15. Nxg6 hxg6 16. Bb3 b5 17. axb5 axb5 18. Qf3 c4 19. dxc4 Na5 20. Ba2 Nb6 21. cxb5 Bxa3 22. bxa3 Qd7 23. Rxe5 Nac4 24. Rc5 Rbc8 25. Rxc8 Rxc8 26. Be3 Qxb5 27. Rb1 Qc6 28. Qxc6 Rxc6 29. Bd4 Nd5 30. Rb8+ Kh7 31. Rb7 f6 32. a4 Na5 33. Bxd5 Rd6 34. Rb5 1-0

[Event "Chigorin Memorial Blitz 30th"]
[Site "St Petersburg"]
[Date "2023.10.20"]
[Round "6"]
[White "Bezgodov, Alexei"]
[Black "Alekseev, Evgeny V"]
[Result "1/2-1/2"]
[WhiteElo "2411"]
[BlackElo "2573"]
[PlyCount "75"]
[EventDate "2023.10.20"]
[EventType "swiss (blitz)"]
[EventRounds "11"]
[EventCountry "RUS"]
[SourceTitle "Mega2024 Update 01"]
[Source "Chessbase"]
[SourceDate "2023.11.12"]
[SourceVersion "1"]
[SourceVersionDate "2023.11.12"]
[SourceQuality "1"]

1. e4 c5 2. Nc3 e6 3. Nf3 Nc6 4. d4 cxd4 5. Nxd4 a6 6. Be2 d6 7. 0-0 Nf6 8. Kh1 Be7 9. f4 0-0 10. Be3 Bd7 11. a4 Nxd4 12. Bxd4 Bc6 13. Bf3 b5 14. axb5 axb5 15. Rxa8 Qxa8 16. e5 dxe5 17. fxe5 Nd5 18. Nxd5 Bxd5 19. c3 Bxf3 20. Qxf3 Qxf3 21. Rxf3 Ra8 22. g4 Kf8 23. Kg2 Ke8 24. Rf2 Ra1 25. Kf3 Bh4 26. Re2 Rf1+ 27. Kg2 Ra1 28. b4 Ra3 29. Kf3 Be7 30. Ke4 Ra8 31. h3 h6 32. Rc2 Kd7 33. c4 bxc4 34. Rxc4 Rb8 35. Bc3 Rb5 36. Rd4+ Kc6 37. Rc4+ Kd7 38. Rd4+ 1/2-1/2

[Event "Chigorin Memorial Blitz 30th"]
[Site "St Petersburg"]
[Date "2023.10.20"]
[Round "8"]
[White "Gavrilov, Oleg"]
[Black "Alekseev, Evgeny V"]
[Result "0-1"]
[WhiteElo "2356"]
[BlackElo "2573"]
[PlyCount "100"]
[EventDate "2023.10.20"]
[EventType "swiss (blitz)"]
[EventRounds "11"]
[EventCountry "RUS"]
[SourceTitle "Mega2024 Update 01"]
[Source "Chessbase"]
[SourceDate "2023.11.12"]
[SourceVersion "1"]
[SourceVersionDate "2023.11.12"]
[SourceQuality "1"]

1. d4 Nf6 2. Bf4 e6 3. e3 c5 4. c3 Nc6 5. Nd2 d5 6. Bd3 Be7 7. h3 Bd6 8. Bxd6 Qxd6 9. Ngf3 0-0 10. 0-0 e5 11. dxe5 Nxe5 12. Nxe5 Qxe5 13. Nf3 Qe7 14. Qa4 h6 15. b4 Bd7 16. Qa3 Rfc8 17. Rab1 b6 18. Rfc1 Ne4 19. bxc5 Qxc5 20. Qxc5 Rxc5 21. c4 Rac8 22. Bxe4 dxe4 23. Nd2 f5 24. Kf1 Be6 25. Rb4 b5 26. Ke1 bxc4 27. Rc3 Rd8 28. Rb7 Ra5 29. Rb2 Rd3 30. Rbc2 Rxc3 31. Rxc3 Rxa2 32. Nxc4 Kf7 33. Nd6+ Ke7 34. Nb5 a5 35. Rc7+ Bd7 36. Nd4 Kd6 37. Ra7 a4 38. Ra5 a3 39. g4 fxg4 40. hxg4 Kc7 41. Ra7+ Kd6 42. f3 exf3 43. Nxf3 Bxg4 44. Nd4 Bd7 45. Kd1 h5 46. Kc1 h4 47. Ra5 h3 48. Rh5 h2 49. Nc2 Ba4 50. Nb4 Ra1+ 0-1

[Event "RUS-chT Rapid"]
[Site "Sochi"]
[Date "2023.10.19"]
[Round "9.17"]
[White "Alekseev, Evgeny V"]
[Black "Rodin, Dmitrij"]
[Result "1/2-1/2"]
[WhiteElo "2573"]
[BlackElo "2346"]
[PlyCount "35"]
[EventDate "2023.10.18"]
[EventType "team-swiss (rapid)"]
[EventRounds "9"]
[EventCountry "RUS"]
[SourceTitle "Mega2024 Update 01"]
[Source "Chessbase"]
[SourceDate "2023.11.12"]
[SourceVersion "1"]
[SourceVersionDate "2023.11.12"]
[SourceQuality "1"]
[WhiteTeam "St Petersburg SShOR"]
[BlackTeam "Voronezh"]
[WhiteTeamCountry "RUS"]
[BlackTeamCountry "RUS"]

1. e4 c5 2. Nf3 e6 3. d4 cxd4 4. Nxd4 a6 5. Bd3 g6 6. c4 Bg7 7. Be3 Nf6 8. Nc3 d6 9. 0-0 0-0 10. h3 Nbd7 11. Qd2 Qc7 12. Rac1 b6 13. b4 Bb7 14. f4 Rad8 15. Nb3 Qb8 16. Bf2 Bh6 17. Bh4 Rc8 18. Qf2 1/2-1/2

[Event "RUS-chT Blitz"]
[Site "Sochi"]
[Date "2023.10.17"]
[Round "3.17"]
[White "Alekseev, Evgeny V"]
[Black "Izhnin, A."]
[Result "1-0"]
[WhiteElo "2573"]
[BlackElo "2337"]
[PlyCount "78"]
[EventDate "2023.10.17"]
[EventType "team-swiss (blitz)"]
[EventRounds "13"]
[EventCountry "RUS"]
[SourceTitle "Mega2024 Update 01"]
[Source "Chessbase"]
[SourceDate "2023.11.12"]
[SourceVersion "1"]
[SourceVersionDate "2023.11.12"]
[SourceQuality "1"]
[WhiteTeam "St Petersburg SShOR"]
[BlackTeam "Kherson Region"]
[WhiteTeamCountry "RUS"]
[BlackTeamCountry "RUS"]

1. e4 c5 2. Nf3 e6 3. d4 cxd4 4. Nxd4 Nc6 5. Nc3 Qc7 6. Be3 a6 7. g4 Bb4 8. Bg2 h5 9. Nxc6 bxc6 10. Qd4 Bf8 11. g5 e5 12. Qd3 Ne7 13. 0-0-0 Rb8 14. Na4 Ng6 15. Bh3 d6 16. Bxc8 Qxc8 17. Nb6 Nf4 18. Nxc8 Nxd3+ 19. Rxd3 Rxc8 20. Rhd1 Be7 21. Rb3 Kd7 22. Rb6 Ra8 23. f4 exf4 24. Bxf4 Ke6 25. Rxc6 Rhc8 26. Rxc8 Rxc8 27. b3 h4 28. c4 a5 29. Kc2 a4 30. Kc3 axb3 31. axb3 Ra8 32. Kb2 g6 33. b4 h3 34. b5 Rh8 35. Kb3 Rh4 36. Rf1 Kd7 37. Kc3 Bf8 38. Kd3 Bg7 39. Bg3 Rh7 1-0

[Event "RUS-ch Rapid"]
[Site "Sochi"]
[Date "2023.10.16"]
[Round "8"]
[White "Kretov, Evgenij"]
[Black "Alekseev, Evgeny V"]
[Result "1/2-1/2"]
[WhiteElo "2276"]
[BlackElo "2573"]
[PlyCount "38"]
[EventDate "2023.10.15"]
[EventType "swiss (rapid)"]
[EventRounds "11"]
[EventCountry "RUS"]
[SourceTitle "Mega2024 Update 01"]
[Source "Chessbase"]
[SourceDate "2023.11.12"]
[SourceVersion "1"]
[SourceVersionDate "2023.11.12"]
[SourceQuality "1"]

1. d4 Nf6 2. c4 e6 3. Nc3 d5 4. cxd5 exd5 5. Bg5 c6 6. e3 Nbd7 7. Bd3 Bd6 8. Qc2 Nf8 9. Nf3 Ng6 10. Nh4 Nxh4 11. Bxh4 h6 12. Rb1 a5 13. Bg3 Bxg3 14. hxg3 0-0 15. a3 Qd6 16. Na4 Be6 17. Qc5 Qxc5 18. Nxc5 Bc8 19. Na4 Be6 1/2-1/2

[Event "RUS-ch Rapid"]
[Site "Sochi"]
[Date "2023.10.15"]
[Round "4"]
[White "Zablotsky, Sergei"]
[Black "Alekseev, Evgeny V"]
[Result "1-0"]
[WhiteElo "2464"]
[BlackElo "2573"]
[PlyCount "73"]
[EventDate "2023.10.15"]
[EventType "swiss (rapid)"]
[EventRounds "11"]
[EventCountry "RUS"]
[SourceTitle "Mega2024 Update 01"]
[Source "Chessbase"]
[SourceDate "2023.11.12"]
[SourceVersion "1"]
[SourceVersionDate "2023.11.12"]
[SourceQuality "1"]

1. Nf3 d5 2. g3 g6 3. Bg2 Bg7 4. 0-0 e5 5. d3 Ne7 6. e4 0-0 7. exd5 Nxd5 8. Re1 Nc6 9. Nc3 Nde7 10. Bd2 h6 11. b4 a6 12. a4 Nf5 13. Ne4 Ncd4 14. c3 Nxf3+ 15. Qxf3 Bd7 16. h4 Bc6 17. h5 Nd6 18. Qe2 g5 19. c4 Nf5 20. Bc3 Nd4 21. Qb2 b6 22. b5 axb5 23. axb5 Rxa1 24. Rxa1 Bd7 25. Bxd4 exd4 26. Qe2 Re8 27. Qf3 Qe7 28. Ra7 Be5 29. g4 Kg7 30. Ng3 Bf4 31. Ra1 Qe5 32. Nf1 f5 33. Bh3 fxg4 34. Bxg4 Bxg4 35. Qxg4 Qe6 36. Qxe6 Rxe6 37. Kg2 1-0

[Event "Sochi Pearl Blitz op"]
[Site "Sochi"]
[Date "2023.10.12"]
[Round "9"]
[White "Khripachenko, Alexander"]
[Black "Alekseev, Evgeny V"]
[Result "0-1"]
[WhiteElo "2259"]
[BlackElo "2573"]
[PlyCount "176"]
[EventDate "2023.10.12"]
[EventType "swiss (blitz)"]
[EventRounds "13"]
[EventCountry "RUS"]
[SourceTitle "Mega2024 Update 01"]
[Source "Chessbase"]
[SourceDate "2023.11.12"]
[SourceVersion "1"]
[SourceVersionDate "2023.11.12"]
[SourceQuality "1"]

1. e4 e5 2. Nf3 Nc6 3. Bb5 Nf6 4. 0-0 Nxe4 5. d4 Nd6 6. dxe5 Nxb5 7. a4 Nbd4 8. Nxd4 d5 9. exd6 Bxd6 10. Re1+ Be7 11. Nxc6 Qxd1 12. Rxd1 bxc6 13. Bf4 Bf5 14. c3 Rc8 15. Nd2 f6 16. Nc4 Kf7 17. Na5 c5 18. Nc6 a6 19. Nxe7 Kxe7 20. Rd5 Be6 21. Rxc5 c6 22. Ra5 Ra8 23. Rd1 Rhd8 24. Rxd8 Rxd8 25. h3 Bc8 26. Rc5 Bb7 27. Rc4 Ke6 28. Be3 Rd7 29. Kh2 Kd5 30. Rg4 Ke5 31. h4 Bc8 32. Rc4 Bb7 33. Kg3 Ke6 34. Rb4 Ke5 35. Rc4 Ke6 36. Kf4 Rd5 37. Rb4 Rd7 38. Rb6 Kd5 39. b3 Ke6 40. c4 Kd6 41. b4 Kc7 42. b5 axb5 43. cxb5 cxb5 44. a5 Bxg2 45. a6 Rd6 46. Rxb5 Rxa6 47. Rb4 Bd5 48. Rd4 Be6 49. Kf3 Ra5 50. Bf4+ Kc8 51. Rd6 Bd5+ 52. Kg3 h5 53. Be3 Rb5 54. Ra6 Kd7 55. Ra7+ Bb7 56. Ra4 Ke6 57. Rd4 Bd5 58. Ra4 Rb1 59. Kf4 Rh1 60. Ra6+ Kf7 61. Kg3 Rg1+ 62. Kh2 Rg4 63. Kh3 Bg2+ 64. Kh2 Bf1 65. Ra7+ Kg6 66. Bc5 Rxh4+ 67. Kg1 Be2 68. Kg2 Rg4+ 69. Kh3 Bf1+ 70. Kh2 Be2 71. Bf8 Kh7 72. Kh3 Bf3 73. Rc7 Be4 74. Re7 Bf5 75. Kh2 Kg8 76. Re8 Kf7 77. Rb8 g5 78. Bc5 Rc4 79. Be3 h4 80. Rb6 Be6 81. Rd6 Re4 82. Rd4 Re5 83. Rb4 Kg6 84. Bd2 Re2 85. Be3 g4 86. Rb6 g3+ 87. Kg1 Bd5 88. Kf1 g2+ 0-1